| 000 | 01335 a2200301 4500 | ||
|---|---|---|---|
| 003 | Nust | ||
| 005 | 20170207154044.0 | ||
| 010 | _a 2005298376 | ||
| 020 | _a0470092254 (pbk.) | ||
| 024 | 3 | _a9780470092255 (pbk.) | |
| 035 | _a(OCoLC)ocm56654188 | ||
| 040 | _cNust | ||
| 082 | 0 | 4 | _a658.1'5 |
| 100 | 1 | _aVernimmen, Pierre. | |
| 245 | 1 | 0 |
_aCorporate finance -(E-BOOK) _cPierre Vernimmen ; Pascal Quiry ... [et al.]. |
| 260 |
_aChichester ; _aHoboken, NJ : _bWiley, _cc2005. |
||
| 300 |
_axxiv, 1030 p. : _bill. ; _c25 cm. |
||
| 500 | _aAdapted and updated from the original French, first published as "Finance d'entreprise" by â…¤itions Dalloz, Paris, 1994. | ||
| 505 | _aFinancial Analysis (Page-15), Section II Investment Analysis (Page-259), Section III Corporate Financial Policies (Page-473), Section IV Financial Management (Page-809). | ||
| 650 | 0 |
_aBusiness enterprises _xFinance. |
|
| 650 | 0 |
_aCorporations _xFinance. |
|
| 651 | _aE-BOOK | ||
| 700 | 1 | _aQuiry, Pascal. | |
| 700 | 1 | _aVernimmen, Pierre. | |
| 856 | 4 | 2 |
_3Contributor biographical information _uhttp://www.loc.gov/catdir/enhancements/fy0627/2005298376-b.html |
| 856 | 4 | 2 |
_3Publisher description _uhttp://www.loc.gov/catdir/enhancements/fy0627/2005298376-d.html |
| 856 | 4 | 2 |
_3Table of contents only _uhttp://www.loc.gov/catdir/enhancements/fy0627/2005298376-t.html |
| 942 |
_2ddc _cBK |
||
| 999 |
_c192775 _d192775 |
||